<?xml version="1.0" encoding="UTF-8"?>
<record
    xmlns:xsi="http://www.w3.org/2001/XMLSchema-instance"
    xsi:schemaLocation="http://www.loc.gov/MARC21/slim http://www.loc.gov/standards/marcxml/schema/MARC21slim.xsd"
    xmlns="http://www.loc.gov/MARC21/slim">

  <leader>01808nam a2200301 a 4500</leader>
  <controlfield tag="001">000000486</controlfield>
  <controlfield tag="003">DO-SdBNP</controlfield>
  <controlfield tag="005">20170925113804.0</controlfield>
  <controlfield tag="007">000000486</controlfield>
  <controlfield tag="008">081209s2007    dr a          000 0 spa d</controlfield>
  <datafield tag="020" ind1=" " ind2=" ">
    <subfield code="a">9993425702</subfield>
  </datafield>
  <datafield tag="040" ind1=" " ind2=" ">
    <subfield code="a">BPMSU</subfield>
    <subfield code="b">spa</subfield>
    <subfield code="c">BPMSU</subfield>
  </datafield>
  <datafield tag="082" ind1=" " ind2="4">
    <subfield code="a">711.4</subfield>
    <subfield code="b">V145r</subfield>
  </datafield>
  <datafield tag="100" ind1="1" ind2=" ">
    <subfield code="a">Valdez, Crist&#xF3;bal</subfield>
  </datafield>
  <datafield tag="245" ind1="1" ind2="0">
    <subfield code="a">Reflexiones urbanas :</subfield>
    <subfield code="b">art&#xED;culos y cartas /</subfield>
    <subfield code="c">Crist&#xF3;bal Valdez.</subfield>
  </datafield>
  <datafield tag="260" ind1=" " ind2=" ">
    <subfield code="a">Santo Domingo :</subfield>
    <subfield code="b">INTEC,</subfield>
    <subfield code="c">2007.</subfield>
  </datafield>
  <datafield tag="300" ind1=" " ind2=" ">
    <subfield code="a">199 p. :</subfield>
    <subfield code="b">il. ;</subfield>
    <subfield code="c">23 cm.</subfield>
  </datafield>
  <datafield tag="505" ind1="1" ind2=" ">
    <subfield code="a">Pr&#xF3;logo --</subfield>
    <subfield code="t">Art&#xED;culos. Cirug&#xED;a urbana dominicana --</subfield>
    <subfield code="t">Cirug&#xED;a urbana dominicana II --</subfield>
    <subfield code="t">Desarticulaci&#xF3;n de los servicios de la ciudad --</subfield>
    <subfield code="t">El Parque Independencia: una buena oportunidad --</subfield>
    <subfield code="t">El espacio urbano y el espacio humano I --</subfield>
    <subfield code="t">El espacio urbano y el espacio humano II --</subfield>
    <subfield code="t">Transporte urbano: una soluci&#xF3;n integral --</subfield>
    <subfield code="t">Sobre el ejercicio profesional --</subfield>
    <subfield code="t">R&#xE1;pidamente con Crist&#xF3;bal Valdez. La arquitectura y el Malec&#xF3;n --</subfield>
    <subfield code="t">Por fin ... El Conde Peatonal --</subfield>
    <subfield code="t">Evitemos m&#xE1;s ci&#xE9;nagas --</subfield>
    <subfield code="t">Revitalizaci&#xF3;n de centros hist&#xF3;ricos --</subfield>
    <subfield code="t">Los pasos a desnivel de la 27 de Febrero... el r&#xE1;bano por las hojas otra vez --</subfield>
    <subfield code="t">La ciudad de Santo Domingo en el nuevo milenio. Un sue&#xF1;o posible --</subfield>
    <subfield code="t">Plan para el sector vivienda y asentamientos humanos --</subfield>
    <subfield code="t">Cartas --</subfield>
    <subfield code="t">Charlas, talleres y conferencias.</subfield>
  </datafield>
  <datafield tag="650" ind1=" " ind2="4">
    <subfield code="a">REHABILITACI&#xD3;N URBANA</subfield>
    <subfield code="z">REP&#xDA;BLICA DOMINICANA (SANTO DOMINGO)</subfield>
    <subfield code="x">ENSAYOS, CONFERENCIAS, ETC</subfield>
  </datafield>
  <datafield tag="650" ind1=" " ind2="4">
    <subfield code="a">URBANISMO</subfield>
    <subfield code="z">REP&#xDA;BLICA DOMINICANA (SANTO DOMINGO)</subfield>
    <subfield code="x">ENSAYOS, CONFERENCIAS, ETC</subfield>
  </datafield>
  <datafield tag="650" ind1=" " ind2="4">
    <subfield code="a">PLANIFICACI&#xD3;N DE LA CIUDAD</subfield>
  </datafield>
  <datafield tag="700" ind1="1" ind2="2">
    <subfield code="a">Bol&#xED;var D&#xED;az, Juan,</subfield>
    <subfield code="e">pr&#xF3;l.</subfield>
  </datafield>
  <datafield tag="710" ind1="1" ind2=" ">
    <subfield code="a">Instituto T&#xE9;cnologico de Santo Domingo</subfield>
  </datafield>
  <datafield tag="910" ind1=" " ind2=" ">
    <subfield code="a">Validado. Control de calidad MFF</subfield>
  </datafield>
  <datafield tag="942" ind1=" " ind2=" ">
    <subfield code="2">ddc</subfield>
    <subfield code="c">BK</subfield>
  </datafield>
  <datafield tag="945" ind1=" " ind2=" ">
    <subfield code="a">Inventariado / 2017 VM</subfield>
  </datafield>
  <datafield tag="952" ind1=" " ind2=" ">
    <subfield code="0">0</subfield>
    <subfield code="1">0</subfield>
    <subfield code="2">ddc</subfield>
    <subfield code="4">0</subfield>
    <subfield code="7">0</subfield>
    <subfield code="8">CD</subfield>
    <subfield code="a">BPMET</subfield>
    <subfield code="b">BPMET</subfield>
    <subfield code="d">2015-08-05</subfield>
    <subfield code="e">FUNDI</subfield>
    <subfield code="l">0</subfield>
    <subfield code="o">711.4  V145r</subfield>
    <subfield code="p">BPMET15080060</subfield>
    <subfield code="r">2015-08-05</subfield>
    <subfield code="w">2015-08-05</subfield>
    <subfield code="y">BK</subfield>
  </datafield>
  <datafield tag="952" ind1=" " ind2=" ">
    <subfield code="0">0</subfield>
    <subfield code="1">0</subfield>
    <subfield code="2">ddc</subfield>
    <subfield code="4">0</subfield>
    <subfield code="7">0</subfield>
    <subfield code="8">CD</subfield>
    <subfield code="a">BPMET</subfield>
    <subfield code="b">BPMET</subfield>
    <subfield code="d">2015-08-05</subfield>
    <subfield code="e">FUNDI </subfield>
    <subfield code="l">0</subfield>
    <subfield code="o">711.4   V145r</subfield>
    <subfield code="p">BPMSU15080061</subfield>
    <subfield code="r">2015-08-05</subfield>
    <subfield code="t">e. 2</subfield>
    <subfield code="w">2015-08-05</subfield>
    <subfield code="y">BK</subfield>
  </datafield>
  <datafield tag="952" ind1=" " ind2=" ">
    <subfield code="0">0</subfield>
    <subfield code="1">0</subfield>
    <subfield code="2">ddc</subfield>
    <subfield code="4">0</subfield>
    <subfield code="7">0</subfield>
    <subfield code="8">CD</subfield>
    <subfield code="a">BPMET</subfield>
    <subfield code="b">BPMET</subfield>
    <subfield code="d">2015-08-05</subfield>
    <subfield code="e">FUNDI</subfield>
    <subfield code="l">0</subfield>
    <subfield code="o">711.4  V145r</subfield>
    <subfield code="p">BPMSU15080062</subfield>
    <subfield code="r">2015-08-05</subfield>
    <subfield code="t">e. 3</subfield>
    <subfield code="w">2015-08-05</subfield>
    <subfield code="y">BK</subfield>
  </datafield>
  <datafield tag="956" ind1=" " ind2=" ">
    <subfield code="a">VMATEO</subfield>
    <subfield code="b">10</subfield>
    <subfield code="c">20150805</subfield>
    <subfield code="l">BPMSU</subfield>
    <subfield code="h">00151</subfield>
  </datafield>
  <datafield tag="999" ind1=" " ind2=" ">
    <subfield code="c">8073</subfield>
    <subfield code="d">8073</subfield>
  </datafield>
</record>
